| 000 -LEADER |
| fixed length control field |
00401nam a22001571a 4500 |
| 020 ## - INTERNATIONAL STANDARD BOOK NUMBER |
| International Standard Book Number |
9788170815372 |
| 082 ## - DEWEY DECIMAL CLASSIFICATION NUMBER |
| Classification number |
S 294.592 1 |
| Item number |
JEE/V |
| 100 ## - MAIN ENTRY--PERSONAL NAME |
| Personal name |
Jeetsingh Khokhar |
| 9 (RLIN) |
149196 |
| 245 ## - TITLE STATEMENT |
| Title |
Vaidek darsanam/ |
| Statement of responsibility, etc. |
by Jeetsingh Khokhar |
| 260 ## - PUBLICATION, DISTRIBUTION, ETC. |
| Place of publication, distribution, etc. |
Delhi: |
| Name of publisher, distributor, etc. |
Nag, |
| Date of publication, distribution, etc. |
2001. |
| 300 ## - PHYSICAL DESCRIPTION |
| Extent |
213p. |
| 650 ## - SUBJECT ADDED ENTRY--TOPICAL TERM |
| Topical term or geographic name entry element |
Vedic Literature |
| 9 (RLIN) |
149197 |
| 650 ## - SUBJECT ADDED ENTRY--TOPICAL TERM |
| Topical term or geographic name entry element |
Hinduism |
| 9 (RLIN) |
149198 |
| 650 ## - SUBJECT ADDED ENTRY--TOPICAL TERM |
| Topical term or geographic name entry element |
Religion |
| 9 (RLIN) |
149199 |
| 942 ## - ADDED ENTRY ELEMENTS (KOHA) |
| Koha item type |
Book |